000 00518nam a2200181 i 4500
001 88003
003 ES-MaACL
005 20230906175801.0
007 t|
008 041230s1972 sp ||||1| spa d
100 1 _aLaffitte, Sophie.
_969482
245 1 0 _aChejov según Chejov /
_cSophie Laffitte ; [traducción de Antonio Puiggros].
250 _a[1ª ed.].
260 _aBarcelona :
_bLaia,
_c1972.
300 _a199 p. ;
_c19 cm.
700 1 _aPuigráos, Antoni.
_9131426
852 _aES-MaACL
_jC-54391
_bR.83699
999 _c88003
_d88003